000 00311nam a2200121Ia 4500
008 190216s9999||||xx |||||||||||||| ||und||
100 _aDr.Shanap Shyam
245 0 _aHindi-Mamtha Kaaliya Ke Kya-Sahithya Mem Nari Chethana
260 _bVikash Prakashan
_c2010
300 _a240
650 _aHindi
942 _cBK
999 _c16826
_d16826